00510nam a2200121 a 4500008004100000050002200041110005900063245006700122260007300189300001500262650006100277650005000338161108s2016 ||||||||||||||||| || u aCOMESA(02)2016/1A aCommon Market for Eastern and Southern Africa (COMESA)10aCOMESA in briefcCommon Market for Eastern and Southern Africa aLusakabCommon Market for Eastern and Southern Africa (COMESA)c2016 a40p.: ill. aCOMMON MARKET FOR EASTERN AND SOUTHERN AFRICA OPERATIONS aCOMMON MARKET FOR EASTERN AND SOUTHERN AFRICA